Hudobné školstvo v Turecku

Bibliographic Details
Main Author: Skřepek, Roman, 1931-2001 (Author)
Format: Article
Language:Slovak
Subjects:

MARC

LEADER 00000nab a2200000 a 4500
001 vtls000274772
003 SK-MaSNL
005 20260304075254.0
008 250422c1987 xo 0 slo
015 |a SNBRB19rr/mm-uuuuu 
035 |a CL0284886 
035 |a urn:nbn:sk:snk-ab2afg 
035 |a (urnnbn)urn:nbn:sk:snk:ar-a020vt 
035 |a (uuid)411b1df9-83f7-4312-87b8-7ba79ff61116 
040 |a SNKBUCL  |b slo  |c SNKBUCL  |e AACR2 
041 0 |a slo 
044 |a xo  |c SK 
080 |a 371(560):78  |2 1981 
080 |a 78  |2 1981 
100 1 |a Skřepek, Roman,  |d 1931-2001  |4 aut  |9 250883 
245 1 0 |a Hudobné školstvo v Turecku  |c Roman Skřepek 
650 0 7 |a hudobné školy  |2 snkbucl  |9 71505 
651 7 |a Turecko  |2 snkbucl  |9 16927 
655 7 |a články z novín a časopisov  |2 snkbucl  |9 267496 
773 0 |t Hudobný život  |g Roč. 19, č. 6 (1987), s. 6 
850 |a Slovenská národná knižnica 
852 |a Slovenská národná knižnica 
954 |a odborná, vedecká literatúra pôvodná (slovenská)  |2 lita 
958 |a article27 
958 |a OND 
958 |a RK 
958 |a EUIPO 
992 |a RBX 
999 |c 2780521  |d 2782451